00000000nam 2200000za 4500
0019.675135
003CaOODSP
00520250407163908
007cr |||||||||||
008150407|2010||||xxc|||||o    f|0| 0 iku d
020 |a978-0-662-03408-7
040 |aCaOODSP|beng
043 |an-cn---
0861 |aHP40-38/2009Iku2-PDF|zHP40-38/2009S-PDF
1102 |aPublic Health Agency of Canada.
24512|a[A parent's guide to immunization] |h[electronic resource].
250 |a[Inuktitut edition].
260 |aOttawa - Ontario : |bPublic Health Agency of Canada |cc2010.
300 |a20p.
500 |aIssued also in English under title: A parent's guide to immunization.
546 |aText in Inuktitut.
590 |a11-02|b2011-01-14
69007|aImmunization|2gcpds
77508|tA parent's guide to immunization |w(CaOODSP)9.692169
7760#|tGuide des parents sur la vaccination |w(CaOODSP)9.672528
792 |t[Guide des parents sur la vaccination] |efre|w(CaOODSP)9.675136
85640|ahttp://publications.gc.ca|qPDF|s964 KB|uhttps://publications.gc.ca/collections/collection_2011/aspc-phac/HP40-38-2009S.pdf